书目信息 |
| 题名: |
婴童按摩要术
|
|
| 作者: | 洪学滨 著述 ;江丹 , 王朝宏 整理 | |
| 分册: | ||
| 出版信息: | 北京 北京出版社 1993.8 |
|
| 页数: | 232页 | |
| 开本: | 19cm | |
| 丛书名: | ||
| 单 册: | ||
| 中图分类: | R244.3 , R244.1 | |
| 科图分类: | ||
| 主题词: | 小儿疾病--按摩疗法(中医) , 小儿疾病 , 按摩疗法(中医) | |
| 电子资源: | ||
| ISBN: | 7-200-01935-6 | |
| 000 | 00983nam0 2200313 450 | |
| 001 | 1574421653 | |
| 005 | 20150129204107.89 | |
| 010 | @a7-200-01935-6@dCNY11.00 | |
| 100 | @a19940126d1993 em y0chiy0110 ea | |
| 101 | 0 | @achi |
| 102 | @aCN@b110000 | |
| 105 | @ay z 000yy | |
| 200 | 1 | @a婴童按摩要术@9ying tong an mo yao shu@e洪学滨临证存真@f洪学滨著述@g江 丹,王朝宏整理 |
| 210 | @a北京@c北京出版社@d1993.8 | |
| 215 | @a232页@d19cm | |
| 314 | @a洪学滨,著名儿科按摩专家 | |
| 314 | @a江 丹,[北京中医学院]任职 | |
| 314 | @a王朝宏,[北京中医学院]任职 | |
| 330 | @a介绍洪学滨在临床实践中总结的一整套婴童按摩法及卓有成效的41种疾病的诊治手法。 | |
| 606 | 0 | @a小儿疾病@x按摩疗法(中医) |
| 606 | 0 | @a小儿疾病 |
| 606 | 0 | @a按摩疗法(中医) |
| 690 | @aR244.3@v三版 | |
| 690 | @aR244.1@v4 | |
| 701 | 0 | @a洪学滨@9hong xue bin@4著述 |
| 702 | 0 | @a江丹@9jiang dan@4整理 |
| 702 | 0 | @a王朝宏@9wang chao hong@4整理 |
| 801 | 0 | @aCN@bTSSF@c20150129 |
| 905 | @aZUCC@dR244.1@eJY248 | |
| 婴童按摩要术:洪学滨临证存真/洪学滨著述/江 丹,王朝宏整理.-北京:北京出版社,1993.8 |
| 232页;19cm |
| ISBN 7-200-01935-6:CNY11.00 |
| 介绍洪学滨在临床实践中总结的一整套婴童按摩法及卓有成效的41种疾病的诊治手法。 |
| ● |
| 相关链接 |
|
|
|
|
正题名:婴童按摩要术
索取号:R244.1/JY248
 
预约/预借
| 序号 | 登录号 | 条形码 | 馆藏地/架位号 | 状态 | 备注 |
| 1 | 7862879 | 278628790 | 学院路分馆/ [索取号:R244.1/JY248] | 在馆 | |
| 2 | 7862880 | 278628807 | 学院路分馆/ [索取号:R244.1/JY248] | 在馆 | |
| 3 | 7862881 | 278628816 | 学院路分馆/ [索取号:R244.1/JY248] | 在馆 | |
| 4 | 7862882 | 278628825 | 学院路分馆/ [索取号:R244.1/JY248] | 在馆 |